| 000 | 01156nam0a22002891 4500 | ||
|---|---|---|---|
| 001 | v19\rc\1806976 | ||
| 005 | 20260406103837.0 | ||
| 035 | _a(NLR Aleph) 005255803 | ||
| 090 |
_a5850530 _c5850530 |
||
| 100 | _a20071224d1906 |||y0rusy50 ca | ||
| 101 | 1 |
_arus _cger |
|
| 102 | _aRU | ||
| 105 | _ay z ||||| | ||
| 200 | 1 |
_aСверхчеловек _eТрилогия в 3 д. _fПер. Э. Матэрна и А. Воротникова |
|
| 210 |
_aМосква _cжурн. "Былое-грядущее" _dценз. 1906 |
||
| 215 |
_a[2], 20, 18, 12 с. _d17 |
||
| 300 | _aПеред загл. авт.: Роберт Миш | ||
| 700 | 1 |
_aМиш _bР. _f1860- _gРоберт |
|
| 702 | 1 |
_4730 _8rus _7ca _aМатерн _bЭ. Э. _f1854-1938 _gЭмилий Эмилиевич _3RU\NLR\AUTH\7792528 _975455 |
|
| 702 | 1 |
_4730 _8rus _7ca _aВоротников _bА. П. _f1856-1938 _gАнтоний Павлович _3RU\NLR\AUTH\7743419 _926362 |
|
| 801 | 0 |
_aRU _bNLR _c20071224 _gpsbo |
|
| 801 | 0 |
_aRU _bRuMoRGB _c20071224 _2psbo |
|
| 801 | 1 |
_aRU _bProSoft-M _c20071224 _2rusmarc |
|
| 801 | 2 |
_aRU _bNLR _c20110705 _2rusmarc |
|
| 852 |
_aNLR _j37.37.11.670 |
||
| 942 | _cBOOK | ||
| 980 | _aNB | ||